000 00627nam a2200217Ia 4500
003 GCL
008 140319s9999 xx 000 0 eng d
040 _aGCL /
_cGCL
082 0 4 _a409
_bK F
100 1 _aKASELLECK, REINHART
245 1 0 _aLE FUTUR PASSE: CONTRIBUTION A'LA SEMANTIQUE DES TEMPS HISTORIQUES /
_cKASELLECK, REINHART
700 1 _aHOOCK, JOCHEN
700 1 _aHOOCK, MARI - CLARIE
260 _a[S.N] :
_bEDITIONS DE L'ECOLE DES HAUTES ،
_c1990
300 _a334 P
650 0 4 _aLINGUISTICS
650 0 4 _aLANGUAGES
650 0 4 _aLANGUAGE - HISTORY
650 0 4 _aLINGUISTICS - HISTORY
942 _2ddc
_cBK
999 _c16411
_d16411